000 00215nam a22000857a 4500
008 161227b xxu||||| |||| 00| 0 eng d
100 _92155
_aKidd
245 _aAshoks Kite
260 _aNew Delhi
_bChildrens Book Trust
_c2011
999 _c5045
_d5045